| 000 | 00566nam a22001817a 4500 | ||
|---|---|---|---|
| 005 | 20251108165159.0 | ||
| 008 | 250721s1990 xx 000 0 ara d | ||
| 082 | 1 | 4 | _a909.82/برا |
| 100 | 1 | _aبراور، دانييل ر | |
| 245 | 1 | 0 |
_aالعالم في القرن العشرين : _bعصر الحروب العالمبه و الثورات / |
| 264 | 1 |
_aعمان : _bمركز الكتب الأردني، _c1990. |
|
| 300 | _a500ص | ||
| 650 | 1 | 7 | _aالعالم |
| 650 | 1 | 7 | _aالتاريخ |
| 650 | 1 | 7 | _aتاريخ 1900 |
| 942 |
_2ddc _cBK |
||
| 999 |
_c21432 _d21432 |
||